| 000 | 00732na a2200253 4500 | ||
|---|---|---|---|
| 001 | 16827 | ||
| 003 | MIRAKIL | ||
| 005 | 20181213155004.0 | ||
| 008 | 161014b tu 000 0 | ||
| 040 |
_aMilas _btur _cTR-AnCHP |
||
| 041 | _atur | ||
| 082 |
_a956.22652 _bE42 1996 |
||
| 090 | _a956.22652 E42 1996 | ||
| 100 | _aEkdal, Müfid | ||
| 245 |
_aBizans metropolünde ilk Türk köyü _bKadıköy _cMüfid Ekdal |
||
| 246 | _aKadıköy | ||
| 260 |
_aİstanbul _bKadıköy Belediyesi _c1996 |
||
| 300 |
_a425 s. _bres. _c24 sm. |
||
| 440 | _aKadıköy Belediyesi yayınları | ||
| 490 |
_aKültür ve Bilim Hizmetleri Dizisi _v1 |
||
| 504 | _aKaynakça var. | ||
| 650 |
_aİstanbul _xTarih _zKadıköy |
||
| 942 |
_2ddc _cBKS |
||
| 999 |
_c4402 _d4402 |
||